Elektrotechnická ročenka 1988
Saved in:
| Format: | Book |
|---|---|
| Language: | Slovak |
| Published: |
Bratislava :
Alfa,
1987
|
| Edition: | 1.vyd. |
| Subjects: | |
| Tags: |
No Tags, Be the first to tag this record!
|
MARC
| LEADER | 00000nam a22000003a 4500 | ||
|---|---|---|---|
| 001 | stu35866 | ||
| 005 | 20150408175950.4 | ||
| 008 | 920515s1987----cs------------------slo-d | ||
| 040 | |a STU |b slo | ||
| 041 | 0 | |a slo | |
| 044 | |a cs | ||
| 080 | |a 621.3"1988"(058) | ||
| 245 | |a Elektrotechnická ročenka 1988 | ||
| 250 | |a 1.vyd. | ||
| 260 | |a Bratislava : |b Alfa, |c 1987 | ||
| 300 | |a 418 s | ||
| 650 | 7 | |a elektrotechnika |2 stusub | |
| 650 | 7 | |a ročenky |2 stusub | |
| 996 | |b 284M045271 |c M*892/1988-1 |l MMKN |s A |a 24 |w stu35866_0001 | ||